Knowledge export in higher education a hierarchic approach

Hlavné oblasti exportu vedomostí vo vysokoškolskom vzdelávaní. Mobilita študentov, hosťujúci profesori, zamestnanie v zahraničí a zahraničná publikačná činnosť. Hierarchický model exportu vedomostí. Rôzne formy medzinárodnej spolupráce pri výmene vedomostí.

Guardado en:
Detalles Bibliográficos
Autor principal: Berács, József
Formato: Capítulo de libro
Lenguaje:inglés
Materias:
Etiquetas: Agregar Etiqueta
Sin Etiquetas, Sea el primero en etiquetar este registro!

MARC

LEADER 00000naa a2200000 4500
001 0141714
005 20230918093808.5
041 0 |a eng 
044 |a SK 
245 1 0 |a Knowledge export in higher education  |b a hierarchic approach  |c József Berács 
520 |a Hlavné oblasti exportu vedomostí vo vysokoškolskom vzdelávaní. Mobilita študentov, hosťujúci profesori, zamestnanie v zahraničí a zahraničná publikačná činnosť. Hierarchický model exportu vedomostí. Rôzne formy medzinárodnej spolupráce pri výmene vedomostí. 
610 2 0 |a vzdelávanie vysokoškolské 
610 2 0 |a výučba vedecká 
610 2 0 |a študenti 
610 2 0 |a učitelia 
610 2 0 |a spolupráca vedecká medzinárodná 
610 2 0 |a spolupráca vedeckovýskumná 
610 2 0 |a vedomosti 
100 1 |a Berács, József